000 00452nam a22001337a 4500
020 _a978 935 7013 581
082 _a06.067(079)NTA
_bNAG.1
100 _aNAGESH, Ashish
_aRASHANT KUMAR
_aHOSSAIN, Quisher J
245 _aNTA CSIR UGC NET/SET (JRF & Lectureship).1. Life Sciences
260 _bArihant Publications
300 _a1237+118pp
650 _aNTA exam
_aCSIR UGC exam
_aNET/SET exam
_aJRF & Lectureship entrance exam
_aLife sciences
942 _cBK
999 _c75096
_d75096